Largest Subreddits - Statistics

General Stats
  • This quiz has been taken 18 times
  • The average score is 11 of 15
Answer Stats
Rank Topic Hint Subreddit Users % Correct
9 The Internet'sBrand of Comedy r/memes 36M
94%
8 The Oscars area Very Big Deal Here r/movies 37M
94%
6 Good Vocals andBeats are Loved Here r/Music 38M
94%
1 Browsing HereMight Make You Laugh r/funny 67M
88%
10 Chemistry isOne Kind of This r/science 34M
88%
14 Knock Knock,Who's There? r/Jokes 30M
82%
3 Here You See What'sNew Around the World r/worldnews 47M
76%
12 Cameras are aMust-Have Here r/pics 33M
71%
7 How You Might Reactto Some Cute Cat Videos r/aww 38M
65%
11 Where People ShareRandom Odd Thoughts r/Showerthoughts 34M
65%
2 This is Reddit’sOpen Mic, Ask Away! r/AskReddit 58M
53%
13 Headlines Here Focuson a Single Country r/news 31M
53%
15 They Know AllAbout the Beyond r/space 28M
47%
5 You Might Say “Huh, INever Knew That” Here r/todayilearned 41M
47%
4 They DiscussBoss Battles Here r/gaming 47M
41%
No matching quizzes found
Score Distribution
Percent of People with Each Score
Percentile by Number Answered
Your Score History
You have not taken this quiz